Философия права (Запись № 12292249)

Подробности
000 -МАРКЕР
контрольное поле 01772nam0a2200421 4500
001 - ИДЕНТИФИКАТОР ЗАПИСИ
контрольное поле RU\NLR\BIBL_A\012186229
005 - ИДЕНТИФИКАТОР ВЕРСИИ
контрольное поле 20241103123937.0
010 ## - МЕЖДУНАРОДНЫЙ СТАНДАРТНЫЙ НОМЕР КНИГИ (ISBN)
Номер (ISBN) 9785932555620
Тираж 1000
021 ## - НОМЕР ГОСУДАРСТВЕННОЙ РЕГИСТРАЦИИ
Код страны российская федерация
Номер 2019-96980
Номер Листа государственной регистраци КН-П-7118
035 ## - ДРУГИЕ СИСТЕМНЫЕ НОМЕРА
Идентификатор записи (RuMoRGB)010206816
035 ## - ДРУГИЕ СИСТЕМНЫЕ НОМЕРА
Идентификатор записи (NLR Aleph) 012186229
100 ## - ДАННЫЕ ОБЩЕЙ ОБРАБОТКИ
Данные общей обработки 20200124d2020 k y0rusy50 ca
101 1# - ЯЗЫК РЕСУРСА
Язык текста, звукозаписи и т.д. русский
Язык оригинала английский
102 ## - СТРАНА ПУБЛИКАЦИИ ИЛИ ПРОИЗВОДСТВА
Страна публикации российская федерация
105 ## - ПОЛЕ КОДИРОВАННЫХ ДАННЫХ: ТЕКСТОВЫЕ МАТЕРИАЛЫ, МОНОГРАФИЧЕСКИЕ
Кодированные данные о монографическом текстовом документе ac||zzzz0|||y
181 #0 - ПОЛЕ КОДИРОВАННЫХ ДАННЫХ: ВИД СОДЕРЖАНИЯ
Код вида содержания (ISBD) i
Код характеристики содержания (ISBD) axxe
182 #0 - ПОЛЕ КОДИРОВАННЫХ ДАННЫХ: ТИП СРЕДСТВА
Код типа средства (ISBD) n - непосредственное
200 1# - ЗАГЛАВИЕ И СВЕДЕНИЯ ОБ ОТВЕТСТВЕННОСТИ
Основное заглавие Философия права
Параллельное заглавие Philosophy of law
Сведения, относящиеся к заглавию краткое введение
Первые сведения об ответственности Раймонд Уакс
Последующие сведения об ответственности перевод с английского Сергея Моисеева
Язык параллельного заглавия английский
203 ## - ВИД СОДЕРЖАНИЯ И ТИП СРЕДСТВА
Вид содержания Текст
Дополнительные сведения об издании визуальный
Тип средства непосредственный
210 ## - ПУБЛИКАЦИЯ, РАСПРОСТРАНЕНИЕ И ДР.
Место издания, распространения и т.д. Москва
Имя издателя, распространителя и т. д. Изд-во Института Гайдара
Дата издания, распространения и т.д. 2020 [т.е 2019]
215 ## - ФИЗИЧЕСКАЯ ХАРАКТЕРИСТИКА
Специфическое обозначение материала и объем 169, [1] с.
Другие сведения о физической характеристике ил., портр.
Размеры 22
225 1# - СЕРИЯ
Основное заглавие серии Философия права
300 ## - ОБЩИЕ ПРИМЕЧАНИЯ
Текст примечания Авт. также на англ. яз.: Raymond Wacks
300 ## - ОБЩИЕ ПРИМЕЧАНИЯ
Текст примечания На клапане суперобл. авт.: засл. проф. права и теории права Р.Уакс
300 ## - ОБЩИЕ ПРИМЕЧАНИЯ
Текст примечания Фактическая дата выхода в свет - 2019
320 ## - ПРИМЕЧАНИЯ О НАЛИЧИИ В ДОКУМЕНТЕ БИБЛИОГРАФИИ / УКАЗАТЕЛЯ
Текст примечания Библиогр. в конце гл. и в подстроч. примеч.
320 ## - ПРИМЕЧАНИЯ О НАЛИЧИИ В ДОКУМЕНТЕ БИБЛИОГРАФИИ / УКАЗАТЕЛЯ
Текст примечания Др. работы авт. на клапане суперобл.
510 1# - ПАРАЛЛЕЛЬНОЕ ЗАГЛАВИЕ
Связь между полями z22790
Параллельное заглавие Philosophy of law
Язык заглавия английский
606 ## - НАИМЕНОВАНИЕ ТЕМЫ КАК ПРЕДМЕТ
Наименование темы Право
Тематический подзаголовок Философские вопросы
Системный номер авторитетной/нормативной записи 1953911
Идентификатор авторитетной/нормативной записи RU\NLR\AUTH\66893976
686 1# - ИНДЕКСЫ ДРУГИХ КЛАССИФИКАЦИЙ
Индекс Ю252
Книжный номер Х
686 1# - ИНДЕКСЫ ДРУГИХ КЛАССИФИКАЦИЙ
Индекс Х082.2,0
700 #1 - ИМЯ ЛИЦА - ПЕРВИЧНАЯ ОТВЕТСТВЕННОСТЬ
Начальный элемент ввода Уакс
Часть имени, кроме начального элемента ввода Р.
Расширение инициалов личного имени Раймонд
790 #1 - ИМЯ ЛИЦА - АЛЬТЕРНАТИВНАЯ ФОРМА
Связь между полями z22510
Начальный элемент ввода Wacks
Часть имени, кроме начального элемента ввода R.
Расширение инициалов личного имени Raymond
942 ## - ДОПОЛНИТЕЛЬНЫЕ ЭЛЕМЕНТЫ ЗАПИСИ (АБИС)
Тип экземпляра АБИС Книга
980 ## - КОЛЛЕКЦИЯ
Название коллекции НБР

Нет доступных экземпляров.